<?xml version="1.0" encoding="UTF-8"?>
<record
    xmlns:xsi="http://www.w3.org/2001/XMLSchema-instance"
    xsi:schemaLocation="http://www.loc.gov/MARC21/slim http://www.loc.gov/standards/marcxml/schema/MARC21slim.xsd"
    xmlns="http://www.loc.gov/MARC21/slim">

  <leader>01150nam a2200169   4500</leader>
  <datafield tag="952" ind1=" " ind2=" ">
    <subfield code="0">0</subfield>
    <subfield code="1">0</subfield>
    <subfield code="4">0</subfield>
    <subfield code="7">0</subfield>
    <subfield code="a">11</subfield>
    <subfield code="b">11</subfield>
    <subfield code="d">2007-01-08</subfield>
    <subfield code="l">3</subfield>
    <subfield code="o">PQ8180.17A73 G21 2007 </subfield>
    <subfield code="p">11 001387</subfield>
    <subfield code="r">2018-04-23</subfield>
    <subfield code="s">2018-04-23</subfield>
    <subfield code="t">1</subfield>
    <subfield code="w">2012-06-26</subfield>
    <subfield code="y">LB</subfield>
  </datafield>
  <datafield tag="952" ind1=" " ind2=" ">
    <subfield code="0">0</subfield>
    <subfield code="1">0</subfield>
    <subfield code="2">lcc</subfield>
    <subfield code="4">0</subfield>
    <subfield code="7">0</subfield>
    <subfield code="a">03</subfield>
    <subfield code="b">03</subfield>
    <subfield code="d">2015-06-02</subfield>
    <subfield code="l">1</subfield>
    <subfield code="o">PQ8180.17A73 G21 2007 </subfield>
    <subfield code="p">03 007600</subfield>
    <subfield code="r">2018-07-24</subfield>
    <subfield code="s">2018-07-24</subfield>
    <subfield code="t">1</subfield>
    <subfield code="w">2015-06-02</subfield>
    <subfield code="y">LB</subfield>
  </datafield>
  <datafield tag="999" ind1=" " ind2=" ">
    <subfield code="c">96694</subfield>
    <subfield code="d">96694</subfield>
  </datafield>
  <controlfield tag="008">Librobt20071967sp a|||frn|||01    sspa d</controlfield>
  <datafield tag="020" ind1=" " ind2=" ">
    <subfield code="a">9788420471839</subfield>
  </datafield>
  <datafield tag="050" ind1=" " ind2=" ">
    <subfield code="a">PQ8180.17A73</subfield>
    <subfield code="b">G21 2007</subfield>
  </datafield>
  <datafield tag="100" ind1=" " ind2=" ">
    <subfield code="a">Garc&#xED;a M&#xE1;rquez, Gabriel</subfield>
    <subfield code="e">autor</subfield>
    <subfield code="d">1927-2014</subfield>
  </datafield>
  <datafield tag="245" ind1=" " ind2=" ">
    <subfield code="a">Cien A&#xF1;os de Soledad</subfield>
    <subfield code="c"> / Gabriel Garc&#xED;a M&#xE1;rquez</subfield>
    <subfield code="b"> : Edici&#xF3;n Conmemorativa</subfield>
  </datafield>
  <datafield tag="260" ind1=" " ind2=" ">
    <subfield code="a">Espa&#xF1;a</subfield>
    <subfield code="b"> : Real Academia Espa&#xF1;ola, Alfaguara</subfield>
    <subfield code="c">, 2007</subfield>
  </datafield>
  <datafield tag="300" ind1=" " ind2=" ">
    <subfield code="a">cxxxviii, 609 p&#xE1;ginas</subfield>
    <subfield code="b"> : ilustraciones</subfield>
  </datafield>
  <datafield tag="504" ind1=" " ind2=" ">
    <subfield code="a">Incluye: &#xED;ndice (p. 609)
Incluye: bibliograf&#xED;a (pp. 547-550)
Incluye: glosario (pp. 551-596)
Incluye: nombres (pp. 597-606)</subfield>
  </datafield>
  <datafield tag="505" ind1=" " ind2=" ">
    <subfield code="a">Lo que se de Gabriel
Para darle nombre a Am&#xE9;rica
Cien a&#xF1;os de soledad. realidad total, novela total
Gabriel Garc&#xED;a M&#xE1;rquez, en busca de la verdad po&#xE9;tica
Algunas literariedades de cien a&#xF1;os de soledad
Cien a&#xF1;os de soledad
Garc&#xED;a M&#xE1;rquez y cien a&#xF1;os de soledad en la novela hispano americana
Cien a&#xF1;os de soledad en la novela hispanoamericana
El patio de atr&#xE1;s
Cien a&#xF1;os de soledad y la narrativa de lo real-maravillosoamericano
Atajos de la verdad</subfield>
  </datafield>
  <datafield tag="519" ind1=" " ind2=" ">
    <subfield code="a">Material Complementario</subfield>
    <subfield code="d">(03 007600)</subfield>
  </datafield>
  <datafield tag="942" ind1=" " ind2=" ">
    <subfield code="c">LB</subfield>
  </datafield>
</record>
